Disney Pixar Animated Films by Description - Statistics

General Stats
  • This quiz has been taken 410 times
  • The average score is 11 of 13
Answer Stats
Description Film Title % Correct
A cowboy doll is jealous when a new spaceman figure supplants him as top toy in a boy's room. Toy Story
100%
After his son is captured in the Great Barrier Reef and taken to Sydney, a timid clownfish sets out on a journey to bring him home. Finding Nemo
97%
A hot-shot race-car gets waylaid in Radiator Springs, where he finds the true meaning of friendship and family. Cars
96%
In order to power the city, monsters have to scare children so that they scream. However, the children are toxic to the monsters, and after a child gets through, two monsters realize things may not be what they think. Monsters Inc
94%
In the distant future, a small waste-collecting robot inadvertently embarks on a space journey that will ultimately decide the fate of mankind. Wall-E
92%
A family of undercover superheroes, while trying to live the quiet suburban life, are forced into action to save the world. The Incredibles
91%
A rat who can cook makes an unusual alliance with a young kitchen worker at a famous restaurant. Ratatouille
89%
A seventy-eight year old travels to Paradise Falls in his home equipped with balloons, inadvertently taking a young stowaway. Up
89%
After young Riley is uprooted from her Midwest life and moved to San Francisco, her emotions conflict on how best to navigate a new city, house, and school. Inside Out
87%
A misfit ant, looking for "warriors" to save his colony from greedy grasshoppers, recruits a group of bugs that turn out to be an inept circus troupe. A Bugs Life
86%
Determined to make her own path in life, a wayward princess defies a custom that brings chaos to her kingdom. Granted one wish, she must rely on her bravery and her archery skills to undo a beastly curse. Brave
85%
An aspiring musician, confronted with his family's ancestral ban on music, enters the Land of the Dead to find his great-great-grandfather, a legendary singer. Coco
75%
In a world where dinosaurs and humans live side-by-side, an Apatosaurus makes an unlikely human friend. The Good Dinosaur
65%
No matching quizzes found
Score Distribution
Percent of People with Each Score
Percentile by Number Answered
Your Score History
You have not taken this quiz